General principles of English law

Bibliographic Details
Main Author: Redmond, P.W.D
Other Authors: Price, J.P
Format: Book
Published: Estover, Plymouth : Macdonald and Evans , 1979
Edition:5th ed
Series:The M & E Handbook series
Subjects:

MARC

LEADER 00000cam a2200000 7i4500
001 0000002226
005 20050628.0
020 |a 0712107258 
040 |a INS 
090 0 0 |a KD661.   |b R4 1979 
100 1 |a Redmond, P.W.D 
245 1 0 |a General principles of English law   |c P.W.D Redmond revised by J.P. Price and I.N. Stevens 
250 |a 5th ed 
260 |a Estover, Plymouth :   |b Macdonald and Evans ,   |c 1979 
300 |a xxivp :   |b 392p ;   |c 18cm. 
440 4 |a The M & E Handbook series 
650 0 0 |a English law 
700 1 |a Price, J.P. 
999 |a 0000000545   |b BOOK   |c Open Shelf   |e Default branch